Peregrinos con la madre del redentor: celebraciones para el Mes de María y otras circunstancias

Đã lưu trong:
Chi tiết về thư mục
Những tác giả chính: Pedro, Aquilino de (Tác giả), Varona, Mariano (Tác giả)
Định dạng: Sách
Ngôn ngữ:Tiếng Tây Ban Nha
Được phát hành: Santiago Paulinas 1989
Phiên bản:1a. ed
Loạt:El Pueblo Celebra, 23
Những chủ đề:
Các nhãn: Thêm thẻ
Không có thẻ, Là người đầu tiên thẻ bản ghi này!

MARC

LEADER 00000nam a2200000 a 4500
001 UCJ8986
003 CL-VaPUC
008 070126e19890900CL |||||||||||||||||spa|d
082 0 4 |a 232.91  |b PED  |2 21 
100 0 |a Pedro, Aquilino de  |e author  |9 518836 
700 0 |a Varona, Mariano  |e author  |9 518837 
245 1 0 |a Peregrinos con la madre del redentor: celebraciones para el Mes de María y otras circunstancias 
250 |a 1a. ed 
300 |a 162 p 
942 |c BK 
945 |d 20070126 00:00:00  |a lvergara 
260 |a Santiago  |b Paulinas  |c 1989 
650 0 |a Virgen María   |9 313323 
650 7 |a MADRE DE DIOS  |2 CL-VaPUC  |9 518838 
650 0 |a Mariología   |9 365249 
650 0 |a Fiestas religiosas  |9 349319 
650 0 |a Iglesia Católica  |9 256114 
583 |a last modification  |c 20070126 00:00:00  |k Rodrigo Vera 
490 0 |a El Pueblo Celebra, 23 
999 |c 324629  |d 324627 
952 |0 0  |1 0  |4 0  |6 232_910000000000000_PED_1989  |7 0  |8 A  |9 404902  |a BIBTEO  |b BIBTEO  |d 2019-11-22  |i 4246381  |o 232.91 PED 1989  |p 4246381  |r 2025-01-17  |w 2019-11-22  |y BK  |k ICR